Science Quiz

Random Science Quiz
Score 0/11 Timer 05:00
0 Plays Today
Site % Correct
Large Intestine
96%
Stomach
94%
Small Intestine
92%
Rectum
88%
Liver
86%
Pancreas
84%
Esophagus
82%
Gallbladder
78%
Anus
66%
Appendix
52%
Bile Duct
36%
Come Together.
Have Fun.
All Virtual.
We all need to come together. Play Sporcle's virtual live trivia to have fun, connect with people, and get your trivia on. Join a live hosted trivia game for your favorite pub trivia experience done virtually. If a virtual private party is more your thing, go here for details.

You're not logged in!

Compare scores with friends on all Sporcle quizzes.
OR
Log In

Sporcle TV

Today on Sporcle TV


Watch our educational content, quiz creation guides, and fun videos on Sporcle TV.

Show Comments

Extras

Created Mar 8, 2011SourceReportNominate
Tags:Cancer, Medical

Top Quizzes Today


Score Distribution

Paid Content

Your Account Isn't Verified!

In order to create a playlist on Sporcle, you need to verify the email address you used during registration. Go to your Sporcle Settings to finish the process.

Report this User

Report this user for behavior that violates our Community Guidelines.

Details: